| 000 | 00620nam a2200229 a 4500 | ||
|---|---|---|---|
| 001 | 999229 | ||
| 005 | 20180110072942.0 | ||
| 008 | 861006s1981 nyua j d 000 0 eng | ||
| 010 | _a 86212025 | ||
| 020 | _a0021952701 | ||
| 020 | _a0021952906 (Teacher's ed.) | ||
| 040 |
_aDLC _cDLC _dDLC |
||
| 041 | _aeng | ||
| 042 | _alcac | ||
| 080 | _a423 MAC | ||
| 082 | 0 | 0 |
_a423 MAC _219 |
| 100 | _a22 | ||
| 101 | _aGJU | ||
| 245 | 0 | 0 |
_aBeginning dictionary, Macmillan / _cWilliam D. Halsey, editorial director ; Christopher G. Morris, editor. |
| 906 |
_a7 _bcbc _corignew _d2 _encip _f19 _gy-gencatlg |
||
| 942 |
_2ddc _cBK |
||
| 999 |
_c39994 _d39994 |
||